[Event "IND-ch U15 48th"]
[Site "Jalgaon"]
[Date "2023.12.28"]
[Round "3"]
[White "Prasanth, Bhuvan Krishna"]
[Black "Sureka, Akshat"]
[Result "0-1"]
[WhiteElo "1595"]
[BlackElo "1808"]
[PlyCount "114"]
[EventDate "2023.12.27"]
[EventType "swiss"]
[EventRounds "11"]
[EventCountry "IND"]
[SourceTitle "CB02_2024"]
[SourceDate "2024.01.10"]
[SourceVersion "1"]
[SourceVersionDate "2024.01.10"]
[SourceQuality "1"]

1. e4 c5 2. Nf3 d6 3. d4 cxd4 4. Nxd4 Nf6 5. Nc3 a6 6. Be3 e5 7. Nb3 Be7 8. Be2 Be6 9. Qd2 Nbd7 10. 0-0-0 b5 11. f3 h5 12. h3 h4 13. Kb1 Nb6 14. Na5 Qc7 15. a3 Rb8 16. f4 Nc4 17. Nxc4 Bxc4 18. Bxc4 bxc4 19. Ka1 Qb7 20. Rb1 Nxe4 21. Nxe4 Qxe4 22. Rhe1 Qc6 23. Bg1 0-0 24. fxe5 dxe5 25. Rxe5 Bf6 26. Rc5 Qe6 27. c3 Rb3 28. Bd4 Be7 29. Re1 Qd7 30. Rxc4 Rfb8 31. Rb1 Qb5 32. Rb4 Bxb4 33. cxb4 a5 34. Qd1 Qa4 35. Ka2 R3xb4 36. b3 Rxb3 37. Rxb3 Rxb3 38. Qxb3 Qxd4 39. Qb8+ Kh7 40. Qb5 a4 41. Qf5+ Kh6 42. Qxf7 Qd2+ 43. Ka1 Qxg2 44. Qf4+ Qg5 45. Qxa4 Qc1+ 46. Ka2 Qd2+ 47. Ka1 Qe1+ 48. Kb2 Qe2+ 49. Qc2 Qxc2+ 50. Kxc2 g5 51. Kd2 g4 52. Ke2 Kg5 53. hxg4 Kxg4 54. a4 Kg3 55. a5 h3 56. a6 h2 57. a7 h1Q 0-1